Spell the Marvel Character #108 - Statistics

General Stats
  • This quiz has been taken 28 times
  • The average score is 7 of 9
Answer Stats
Picture Answer % Correct
Hawkeye
100%
Nick Fury
100%
Spider-Man
100%
Professor X
95%
Iron Fist
91%
U.S. Agent
73%
Punisher
59%
Energizer
45%
Rage
32%
No matching quizzes found
Score Distribution
Percent of People with Each Score
Percentile by Number Answered
Your Score History
You have not taken this quiz